000 00569nam a22001937a 4500
003 DO-CoUTE
005 20260415135108.0
008 260415b dr ||||| |||| 00| 0 spa d
040 _aDO-CoUTE
_bspa
_cDO-CoUTE
082 _a972.91c277a
100 1 _aCarrillo, Justo
_eAutor
245 1 0 _aA Cuba le toco Perder /
_cJusto Carrillo
260 _aMiami ;
_bEdiciones universal,
_c1993
300 _a194 Paginas :
_c23cm,
504 _aIncluye referencia bibliográfica e índice.
650 4 _ahistoria
700 1 _aJusto Carrillo
_eAutor
942 _2ddc
_cBK
999 _c24112
_d24112